00602nam a2200145Ia 4500082001200000100002000012245010000032260006300132300000800195504004100203650006100244650004400305650004200349650006500391 aRP.0267 aPadmanabhan, K. 0aSocio-economic status of widows (mudaliar community) of Tamil Nadub: a three generation study  c2004bIndian Council of Social Science Research, New Delhi a396 aincludes appendices and bibliography aWidowszTamil NaduvLegal status, laws, etc. (Hindu law) aWidowszTamil NaduvEconomic conditions aWidowszTamil NaduvSocial conditions aMudaliyarszTamil NaduvLegal status, laws, etc. (Hindu law)